Julio Verne o la pasión científico-geográfica del siglo XIX / (Record no. 135519)

MARC details
000 -LEADER
campo de control de longitud fija 00502nam a2200157 i 4500
001 - NÚMERO DE CONTROL
campo de control 135519
003 - IDENTIFICADOR DE NÚMERO DE CONTROL
campo de control ES-MaACL
005 - FECHA Y HORA DE LA ÚLTIMA TRANSACCIÓN
campo de control 20230906194910.0
007 - CAMPO FIJO DE DESCRIPCIÓN FÍSICA--INFORMACIÓN GENERAL
campo de control de longitud fija t|
008 - DATOS DE LONGITUD FIJA--INFORMACIÓN GENERAL
campo de control de longitud fija 070719s1943 sp ||||1| spa d
100 1# - ENTRADA PRINCIPAL--NOMBRE DE PERSONA
Nombre de persona Torrent i Fàbregas, Joan.
9 (RLIN) 110838
245 10 - MENCIÓN DEL TÍTULO
Título Julio Verne o la pasión científico-geográfica del siglo XIX /
Mención de responsabilidad, etc. Juan Torrent Fábregas.
260 ## - PUBLICACIÓN, DISTRIBUCIÓN, ETC.
Lugar de publicación, distribución, etc. Barcelona :
Nombre del editor, distribuidor, etc. Ediciones Mediterráneas,
Fecha de publicación, distribución, etc. 1943.
300 ## - DESCRIPCIÓN FÍSICA
Extensión 245 p. :
Otras características físicas il. ;
Dimensiones 19 cm.
852 ## - LOCALIZACIÓN
Ubicación ES-MaACL
Número de control de estantería F-15999
Sublocalización o colección R.20750
Holdings
Estatus retirado Estado de pérdida Estado de daño No para préstamo Biblioteca de origen Biblioteca actual Ubicación en estantería Fecha de adquisición Fuente de adquisición Total de préstamos Signatura topográfica completa Código de barras Visto por última vez Precio de reemplazo Tipo de ítem Koha
        Biblioteca del Ateneo de Madrid Biblioteca del Ateneo de Madrid Sala Pecera Planta 2 17/01/2008     F-15999 1141046 23/02/2023 23/02/2023 Libro impreso